Numerical Ranking Terms - Statistics

General Stats
  • This quiz has been taken 3 times
  • The average score is 3 of 10
Answer Stats
Hint Answer % Correct
First Primary
67%
Fifth Quinary
67%
Second Secondary
67%
Fourth Quaternary
33%
Seventh Septenary
33%
Third Tertiary
33%
Tenth Denary
0%
Ninth Nonary
0%
Eighth Octonary
0%
Sixth Senary
0%
No matching quizzes found
Score Distribution
Percent of People with Each Score
Percentile by Number Answered
Your Score History
You have not taken this quiz